[Event "Below 2000 Swift Knock Out"]
[Site "SchemingMind.com"]
[Date "2016.01.03"]
[Round "-"]
[White "Abstract Actuary"]
[Black "Darnell"]
[Result "1-0"]
[WhiteCountry "USA"]
[BlackCountry "CAN"]
[WhiteElo "1846"]
[WhiteRD "71"]
[BlackElo "1605"]
[BlackRD "106"]
[GameID "393011"]

1. e4 e5 2. Nf3 Nc6 3. Bb5 a6 4. Ba4 Bc5 5. O-O Nge7 6. c3 d5 7. exd5 Qxd5 8. Re1 Bg4 9. Bb3 Bxf3 10. Bxd5 Bxd1
11. Bxc6+ Nxc6 12. Rxd1 O-O-O 13. d3 Rd7 14. Be3 Be7 15. Kf1 Rhd8 16. Ke2 f5 17. g3 e4 18. d4 Ne5 19. Nd2 Ng4 20. h3 Nf6
21. Nc4 Nd5 22. Ne5 Nxe3 23. fxe3 Bf6 24. Nxd7 Kxd7 25. Rf1 g6 26. g4 h6 27. gxf5 gxf5 28. Rxf5
1-0

[Event "Below 2000 Swift Knock Out"]
[Site "SchemingMind.com"]
[Date "2016.01.03"]
[Round "-"]
[White "Darnell"]
[Black "Abstract Actuary"]
[Result "1/2-1/2"]
[WhiteCountry "CAN"]
[BlackCountry "USA"]
[WhiteElo "1605"]
[WhiteRD "106"]
[BlackElo "1846"]
[BlackRD "71"]
[GameID "393012"]

1. e4 e5 2. Nf3 Nf6 3. Nc3 Nc6 4. Bc4 Bb4 5. O-O O-O 6. Nd5 Bc5 7. d3 h6 8. a3 d6 9. b4 Bb6 10. Bb2 Bg4
11. Re1 Nd4 12. Bxd4 Bxd4 13. Rb1 c6 14. Ne3 d5 15. Nxg4 Nxg4 16. Nxd4 dxc4 17. Nxc6 bxc6 18. Qxg4 cxd3 19. Rbd1 Qb6 20. cxd3 Rfd8
21. Kf1 Qa6 22. Re3 Qxa3 23. Rh3 Kf8 24. Qh5 f6 25. Rf3 Kg8 26. Rg3 Kh8 27. Qf7 Rg8 28. d4 Qxb4 29. dxe5 Qb5+ 30. Ke1 Qxe5
31. Rd7 Qxe4+ 32. Re3 Qb4+ 33. Kf1 Qf8 34. Rxa7 Qxf7 35. Rxf7 Rac8 36. Ree7 c5 37. Rc7 c4 38. Ke2 Kh7 39. Kd2 Kg6 40. Kc3 f5
41. Rfe7 Kf6 42. Kd4 g6 43. h4 c3 44. Rf7+ Ke6 45. Rfe7+ Kf6 46. Rf7+=
1/2-1/2

[Event "Below 2000 Swift Knock Out"]
[Site "SchemingMind.com"]
[Date "2016.01.06"]
[Round "-"]
[White "Greg Magne"]
[Black "dadshane2000"]
[Result "0-1"]
[WhiteCountry "CAN"]
[BlackCountry "USA"]
[WhiteElo "1797"]
[WhiteRD "68"]
[BlackElo "1943"]
[BlackRD "87"]
[GameID "393310"]

1. d4 Nf6 2. c4 g6 3. Nc3 d5 4. cxd5 Nxd5 5. e4 Nxc3 6. bxc3 Bg7 7. Bc4 c5 8. Be3 Qa5 9. Qd2 O-O 10. Ne2 Nc6
11. Rd1 cxd4 12. Nxd4 Nxd4 13. Bxd4 Rd8 14. Qe3 e5 15. Qf3 exd4 16. Qxf7+ Kh8 17. O-O Qxc3 18. Bb3 Rf8 19. Qd5 Qc6 20. f4 Qxd5
21. Bxd5 Rb8 22. e5 Rd8 23. Rxd4 Bf8 24. Rd3 b6 25. Rfd1 Bc5+ 26. Kh1 Ba6
0-1

[Event "Below 2000 Swift Knock Out"]
[Site "SchemingMind.com"]
[Date "2016.01.06"]
[Round "-"]
[White "dadshane2000"]
[Black "Greg Magne"]
[Result "1-0"]
[WhiteCountry "USA"]
[BlackCountry "CAN"]
[WhiteElo "1943"]
[WhiteRD "87"]
[BlackElo "1797"]
[BlackRD "68"]
[GameID "393311"]

1. e4 c5 2. Nf3 d6 3. d4 cxd4 4. Nxd4 Nf6 5. Nc3 a6 6. Be3 e5 7. Nb3 Be6 8. f3 Nbd7 9. g4 h6 10. Qd2 Qc7
11. O-O-O O-O-O 12. Kb1 Kb8 13. h4 Nb6 14. Qf2 Nc4 15. Bxc4 Bxc4 16. Bb6 Qc8 17. Bxd8 Qxd8 18. Qe3 Be7 19. Na4 Qc7 20. Nb6 Rd8
21. Nxc4 b5 22. Qb6+ Qxb6 23. Nxb6
1-0

[Event "Below 2000 Swift Knock Out"]
[Site "SchemingMind.com"]
[Date "2016.01.07"]
[Round "-"]
[White "flyinduck"]
[Black "Beefmaster"]
[Result "1-0"]
[WhiteCountry "CAN"]
[BlackCountry "USA"]
[WhiteElo "2064"]
[WhiteRD "54"]
[BlackElo "1562"]
[BlackRD "77"]
[GameID "393358"]

1. d4 d5 2. c4 c6 3. Nc3 dxc4 4. e3 b5 5. a4 Qa5 6. Bd2 b4 7. Na2 e6 8. Bxc4 Ba6 9. Bxa6 Nxa6 10. Nf3 Nf6
11. Ne5 Qd5 12. O-O c5 13. Qe2 Nc7 14. Nd3 cxd4 15. Naxb4 Qd6 16. exd4 Qxd4 17. Bc3 Qd8 18. Rad1 Bd6 19. Nf4 O-O 20. Be5 Nfe8
21. Rd4 Qe7 22. Nc6 Qd7 23. Qf3 f6 24. Bxd6 Nxd6 25. Rfd1 Nd5 26. Nxd5 exd5 27. Qxd5+ Kh8 28. Qxd6 Qb7 29. b4 h6 30. h4 Rfe8
31. Qd7 Qa6 32. Rg4 Rg8 33. Re1 Qc8 34. Re7 Qf8 35. Rf7 Qe8 36. Qxe8 Rgxe8 37. Rgxg7 Rf8 38. Rh7+ Kg8 39. Rfg7#
1-0

[Event "Below 2000 Swift Knock Out"]
[Site "SchemingMind.com"]
[Date "2016.01.07"]
[Round "-"]
[White "Beefmaster"]
[Black "flyinduck"]
[Result "0-1"]
[WhiteCountry "USA"]
[BlackCountry "CAN"]
[WhiteElo "1562"]
[WhiteRD "77"]
[BlackElo "2064"]
[BlackRD "54"]
[GameID "393359"]

1. d4 Nf6 2. e3 d5 3. Nf3 Bg4 4. Be2 e6 5. O-O Bd6 6. c3 O-O 7. Ne5 Bxe2 8. Qxe2 Nbd7 9. Nxd7 Qxd7 10. b4 a5
11. bxa5 Rxa5 12. Qb2 b6 13. Qe2 Rfa8 14. a3 e5 15. Bd2 Ra4 16. Ra2 exd4 17. cxd4 Bxa3 18. Nxa3 Rxa3 19. Rxa3 Rxa3 20. Qf3 Ne4
21. Bb4 Ra4 22. Be1 g6 23. Qf4 Qd6 24. f3 Qxf4 25. exf4 Nd6 26. Bd2 Rxd4 27. Bc3 Rc4 28. Bf6 Ne8 29. Be5 f6 30. Bb2 Rc2
31. Ba3 Kf7 32. Re1 c5 33. Rb1 Ra2 34. Bc1 d4 35. h3 Ra6 36. Kh2 Nd6 37. h4 c4 38. Rb4 b5 39. Kh3 Ra1 40. Bd2 Ra2
41. Be1 d3 42. Rb1 d2 43. Bf2 c3 44. Rd1 Nc4 45. Be3 Nxe3
0-1

[Event "Below 2000 Swift Knock Out"]
[Site "SchemingMind.com"]
[Date "2016.01.07"]
[Round "-"]
[White "Phillip Beckett"]
[Black "berns"]
[Result "0-1"]
[WhiteCountry "ENG"]
[BlackCountry "ENG"]
[WhiteElo "1580"]
[WhiteRD "48"]
[BlackElo "1594"]
[BlackRD "79"]
[GameID "393377"]

1. d4 g6 2. e4 Bg7 3. Nf3 d6 4. Nc3 c6 5. Be2 b5 6. a3 Nf6 7. O-O O-O 8. Bg5 Bb7 9. Qd2 Nbd7 10. Bh6 Bxh6
11. Qxh6 e5 12. dxe5 dxe5 13. Rad1 Re8 14. Rfe1 Re7 15. h3 Qf8 16. Qxf8+ Kxf8 17. Rd6 a5 18. Red1 Bc8 19. Rxc6 b4 20. axb4 axb4
21. Nb5 Bb7 22. Rcd6 Bxe4 23. c3 Ra2 24. cxb4 Rxb2 25. Nc7 Rxb4 26. Nd5 Bxd5 27. Nd2 Rd4 28. Kf1 Re6 29. Rxe6 Bxe6 30. Ke1 Ne4
31. f3 Nxd2 32. Rxd2 Rxd2 33. Kxd2 f5 34. Kc3 Ke7 35. g4 fxg4 36. hxg4 Kf6 37. Kd3 Kg5 38. Ke4 h5 39. Bb5 hxg4 40. fxg4 Bxg4
41. Bxd7 Bxd7 42. Kxe5 Kh4 43. Kf4 g5+ 44. Kf3 g4+ 45. Kg2 g3 46. Kg1 Kh3 47. Kh1 Bc6+ 48. Kg1 g2 49. Kf2 Kh2
0-1

[Event "Below 2000 Swift Knock Out"]
[Site "SchemingMind.com"]
[Date "2016.01.07"]
[Round "-"]
[White "berns"]
[Black "Phillip Beckett"]
[Result "1/2-1/2"]
[WhiteCountry "ENG"]
[BlackCountry "ENG"]
[WhiteElo "1594"]
[WhiteRD "79"]
[BlackElo "1580"]
[BlackRD "48"]
[GameID "393378"]

1. e4 e5 2. Nf3 Nc6 3. b3 Nf6 4. Bb2 Be7 5. d3 d6 6. g3 h6 7. Nbd2 Bg4 8. h3 Bd7 9. c4 a6 10. a4 Nh7
11. d4 exd4 12. Nxd4 Nxd4 13. Bxd4 Bf6 14. Bxf6 Qxf6 15. Bg2 Bc6 16. Rc1 Ng5 17. Qe2 O-O 18. h4 Ne6 19. f3 Nd4 20. Qd3 Ne6
21. Kf2 Qd4+ 22. Qxd4 Nxd4 23. f4 f5 24. Rhe1 fxe4 25. Bxe4 Rae8 26. Bxc6 Nxc6 27. Rxe8 Rxe8 28. Nf3 Nb4 29. Rd1 Nc2 30. Rd2 Nb4
31. g4 Re4 32. Kg3 Re3 33. Rb2 Nd3 34. Rb1 Nc5 35. Kf2 Rxb3 36. Rxb3 Nxb3 37. Ke3 Nc5 38. Nd4 Nxa4 39. Ne6 c6 40. g5 hxg5
41. hxg5 Nb2 42. c5 dxc5 43. Nxc5 a5 44. Nxb7 a4 45. Kd4 a3 46. Na5 a2 47. Nb3 Nd1 48. Kc5 Nf2 49. Kxc6 Nh3 50. Kc5= Nxf4
51. Kb4 Ne6 52. Ka3 Nxg5 53. Kxa2 Ne4 54. Nd4 Kf7 55. Kb2 Kf6 56. Kc2 Ke5 57. Ne2 Nf2 58. Kd2 Ne4+ 59. Ke3 Nd6 60. Kf3 Nf5
61. Kg4 Kf6 62. Ng1 Ne3+ 63. Kf3 Nf5 64. Kf4= g5+ 65. Kg4 Nd4 66. Nh3 Nf3= 67. Nxg5 Nxg5
1/2-1/2

[Event "Below 2000 Swift Knock Out"]
[Site "SchemingMind.com"]
[Date "2016.01.19"]
[Round "-"]
[White "Eric111"]
[Black "Wojciech  Langer"]
[Result "0-1"]
[WhiteCountry "USA"]
[BlackCountry "INT"]
[WhiteElo "1597"]
[WhiteRD "60"]
[BlackElo "1657"]
[BlackRD "95"]
[GameID "393803"]

1. e4 c5 2. Nf3 Nc6 3. Bb5 a6 4. Bxc6 dxc6 5. h3 Nf6 6. e5 Nd5 7. c4 Nf4 8. O-O Nd3 9. a3 Bf5 10. Nc3 Qd7
11. Ne1 Nxe5 12. b4 Nxc4 13. bxc5 g6 14. d3 Bg7 15. Qc2 O-O 16. Rb1 Rad8 17. Ne4 Bxe4 18. dxe4 Ne5 19. Bf4 Qc8 20. Bxe5 Bxe5
21. Nf3 Bg7 22. Rfd1 Rd7 23. Rxd7 Qxd7 24. Rd1 Qc7 25. Qd3 e6 26. a4 Bf6 27. Rb1 Rd8 28. Qb3 Rb8 29. Nd2 Bd4 30. Qc4 Qe5
31. Nf3 Qxe4 32. Qc1 Bf6 33. Ng5 Qxa4 34. Qe3 Qc4 35. Nf3 Qd5 36. h4 h5 37. Rb3 Qd7 38. Qf4 Qd1+ 39. Kh2 Qxb3 40. Qxb8+ Kg7
41. Ne5 Qb2 42. f4 Bxe5 43. fxe5 Qd4 44. Qxb7 Qxe5+ 45. Kh1 Qxc5 46. Qxa6 Qc3 47. Qe2 c5 48. Qe4 c4 49. Qf4 e5 50. Qe4 Qd4
0-1

[Event "Below 2000 Swift Knock Out"]
[Site "SchemingMind.com"]
[Date "2016.01.19"]
[Round "-"]
[White "Wojciech  Langer"]
[Black "Eric111"]
[Result "1/2-1/2"]
[WhiteCountry "INT"]
[BlackCountry "USA"]
[WhiteElo "1697"]
[WhiteRD "105"]
[BlackElo "1641"]
[BlackRD "59"]
[GameID "393804"]

1. g3 e5 2. Bg2 d5 3. d3 Nf6 4. Nf3 Nc6 5. O-O h6 6. Re1 Bg4 7. Nbd2 Qd7 8. Nb3 Be7 9. c3 Bh3 10. d4 exd4
11. Nbxd4 Nxd4 12. Nxd4 Bxg2 13. Kxg2 O-O 14. Be3 c6 15. Qd3 Rfe8 16. Qf5 Qxf5 17. Nxf5 a6 18. b4 Ng4 19. Bd4 Bf6 20. Bxf6 Nxf6
21. e3 Ne4 22. Rac1 Rad8 23. Nd4 Nf6 24. a4 Rc8 25. Nf5=
1/2-1/2

[Event "Below 2000 Swift Knock Out"]
[Site "SchemingMind.com"]
[Date "2016.01.17"]
[Round "-"]
[White "Mortadulo"]
[Black "Apatchenlama"]
[Result "1-0"]
[WhiteCountry "USA"]
[BlackCountry "GER"]
[WhiteElo "2235"]
[WhiteRD "73"]
[BlackElo "1943"]
[BlackRD "72"]
[GameID "393891"]

1. Nc3 d5 2. e4 d4 3. Nce2 c5 4. Ng3 Nc6 5. Bb5 a6 6. Bxc6+ bxc6 7. Nf3 Nf6 8. d3 Qc7 9. O-O e5 10. Bg5 Be7
11. Nd2 Bg4 12. f3 Be6 13. f4 h6 14. Bxf6 Bxf6 15. f5 Bc8 16. Nh5 Bg5 17. Nxg7+ Ke7 18. Nc4 h5 19. f6+ Kd8 20. Nxh5 Be6
21. b3 Bxc4 22. bxc4 Qd7 23. Rb1 Kc7 24. Rf5 Be3+ 25. Kh1 Kd6 26. Qf3 Rab8 27. Rf1 Rh6 28. Rxe5 Kxe5 29. Qg3+ Ke6 30. Ng7#
1-0

[Event "Below 2000 Swift Knock Out"]
[Site "SchemingMind.com"]
[Date "2016.01.17"]
[Round "-"]
[White "Apatchenlama"]
[Black "Mortadulo"]
[Result "0-1"]
[WhiteCountry "GER"]
[BlackCountry "USA"]
[WhiteElo "1943"]
[WhiteRD "72"]
[BlackElo "2235"]
[BlackRD "73"]
[GameID "393892"]

1. d4 Nf6 2. c4 c5 3. d5 b5 4. cxb5 a6 5. b6 e6 6. Nc3 Qxb6 7. e4 exd5 8. e5 d4 9. Na4 Qe6 10. Be2 Qxe5
11. Nf3 Qc7 12. O-O Nc6 13. Bg5 d6 14. Bxf6 gxf6 15. Rc1 Bh6 16. Rc2 Bf5 17. Bd3 Bd7 18. Re1+ Kf8 19. Be4 Re8 20. b3 Nb4
21. Rce2 Bb5 22. Bd3 Rxe2 23. Bxe2 d3 24. Bf1 Bxa4 25. bxa4 c4 26. Nd4 d2 27. Re4 c3 28. Nc2 Nxc2 29. Qxc2 d1=Q
0-1

[Event "Below 2000 Swift Knock Out"]
[Site "SchemingMind.com"]
[Date "2016.01.19"]
[Round "-"]
[White "dadshane2000"]
[Black "p k"]
[Result "0-1"]
[WhiteCountry "USA"]
[BlackCountry "IND"]
[WhiteElo "1914"]
[WhiteRD "86"]
[BlackElo "2313"]
[BlackRD "175"]
[GameID "393905"]

1. e4 e5 2. Nf3 Nc6 3. Bb5 a6 4. Ba4 Nf6 5. O-O Be7 6. Re1 b5 7. Bb3 d6 8. c3 Na5 9. Bc2 c5 10. d4 exd4
11. cxd4 Bg4 12. d5 O-O 13. Nbd2 Nd7 14. Nf1 Ne5 15. Ng3 g6 16. h3 Nxf3+ 17. gxf3 Bxh3 18. Bd3 Bf6 19. Rb1 h5 20. Bf1 Bd7
21. Bd2 Re8 22. b4 cxb4 23. Bxb4 h4 24. Nh1 Nb7 25. f4 Rc8 26. f3 a5 27. Bd2 b4 28. Nf2 Bd4 29. Be3 Bxe3 30. Rxe3 Qf6
31. Nh3 Bxh3 32. Bxh3 Qxf4 33. Qe1 Rc2 34. Re2 Rc3 35. Bg4 Nc5 36. Qxh4 Rxf3
0-1

[Event "Below 2000 Swift Knock Out"]
[Site "SchemingMind.com"]
[Date "2016.01.19"]
[Round "-"]
[White "p k"]
[Black "dadshane2000"]
[Result "1-0"]
[WhiteCountry "IND"]
[BlackCountry "USA"]
[WhiteElo "2313"]
[WhiteRD "175"]
[BlackElo "1914"]
[BlackRD "86"]
[GameID "393906"]

1. d4 Nf6 2. c4 g6 3. Nc3 Bg7 4. e4 d6 5. Nf3 O-O 6. Be2 e5 7. d5 a5 8. O-O Na6 9. Be3 Ng4 10. Bg5 f6
11. Bh4 h5 12. Ne1 Nc5 13. h3 Nh6 14. f3 b6 15. Nd3 g5 16. Bf2 Nxd3 17. Bxd3 g4 18. fxg4 hxg4 19. h4 f5 20. exf5 Bxf5
21. Bxf5 Rxf5 22. Ne4 Rxf2 23. Rxf2 Qxh4 24. g3 Qe7 25. Qd2 Rf8 26. Rxf8+ Bxf8 27. Rf1 Bg7 28. Qh2 Nf7 29. Qh5 Qd7 30. Qg6
1-0

[Event "Below 2000 Swift Knock Out"]
[Site "SchemingMind.com"]
[Date "2016.01.19"]
[Round "-"]
[White "spoke"]
[Black "Abstract Actuary"]
[Result "0-1"]
[WhiteCountry "GER"]
[BlackCountry "USA"]
[WhiteElo "1717"]
[WhiteRD "68"]
[BlackElo "1857"]
[BlackRD "76"]
[GameID "393973"]

1. e4 c5 2. Nf3 d6 3. d4 cxd4 4. Nxd4 Nf6 5. Nc3 g6 6. Be3 Bg7 7. f3 O-O 8. Qd2 Nc6 9. O-O-O Nxd4 10. Bxd4 Be6
11. Kb1 Qc7 12. g4 Rfc8 13. h4 Qa5 14. Nd5 Qxd2 15. Nxf6+ Bxf6 16. Rxd2 Bxd4 17. Rxd4 Rc5 18. Be2 Rac8 19. Rc1 R8c6 20. f4 Ra5
21. b3 Rc3 22. f5 Bd7 23. f6 Kf8 24. fxe7+ Kxe7 25. Kb2 Re3 26. Rd2 Rxe4 27. Bf3 Rf4 28. Re1+ Re5 29. Rxe5+ dxe5 30. Bxb7 Rxg4
31. Re2 f6 32. Rh2 e4 33. c4 Kd6 34. Kc3 f5 35. Kd4 Rg3 36. c5+ Kc7 37. Ba6 Bc6 38. b4 e3 39. Kd3 h6 40. Ke2 f4
0-1

[Event "Below 2000 Swift Knock Out"]
[Site "SchemingMind.com"]
[Date "2016.02.22"]
[Round "-"]
[White "Abstract Actuary"]
[Black "Mortadulo"]
[Result "0-1"]
[WhiteCountry "USA"]
[BlackCountry "USA"]
[WhiteElo "1838"]
[WhiteRD "74"]
[BlackElo "2257"]
[BlackRD "71"]
[GameID "395712"]

1. e4 c5 2. d4 cxd4 3. c3 dxc3 4. Nxc3 Nc6 5. Nf3 d6 6. Bc4 e6 7. O-O Be7 8. Qe2 Nf6 9. Rd1 e5 10. h3 O-O
11. a3 Be6 12. Nd5 Bxd5 13. exd5 Nb8 14. b4 Nbd7 15. Bb2 a5 16. Rac1 Nb6 17. Bb3 axb4 18. axb4 Qd7 19. Rc2 Rfc8 20. Qd3 Rxc2
21. Qxc2 Rc8 22. Qd3 e4 23. Qe3 exf3 24. Qxb6 fxg2 25. Kxg2 Nh5 26. Qe3 Bf6 27. Ba1 Qf5 28. Rc1 Bxa1 29. Rxa1 g6 30. Ra7 Nf4+
31. Kh2 Nxh3 32. Rxb7 Nxf2 33. b5 Ng4+
0-1

[Event "Below 2000 Swift Knock Out"]
[Site "SchemingMind.com"]
[Date "2016.02.22"]
[Round "-"]
[White "Mortadulo"]
[Black "Abstract Actuary"]
[Result "1-0"]
[WhiteCountry "USA"]
[BlackCountry "USA"]
[WhiteElo "2257"]
[WhiteRD "71"]
[BlackElo "1838"]
[BlackRD "74"]
[GameID "395713"]

1. Nc3 Nf6 2. e4 e5 3. f4 d5 4. fxe5 Nxe4 5. Nf3 Be7 6. Qe2 Nxc3 7. dxc3 O-O 8. Be3 c6 9. O-O-O Qc7 10. Qf2 b6
11. Qg3 Bf5 12. Nd4 Bg6 13. h4 Bh5 14. Bh6 g6 15. Re1 Re8 16. Qf4 g5 17. hxg5 Bg6 18. Bd3 Bf8 19. Bxf8 Rxf8 20. Bxg6 fxg6
21. Qxf8+
1-0

[Event "Below 2000 Swift Knock Out"]
[Site "SchemingMind.com"]
[Date "2016.03.07"]
[Round "-"]
[White "Wojciech  Langer"]
[Black "flyinduck"]
[Result "0-1"]
[WhiteCountry "INT"]
[BlackCountry "CAN"]
[WhiteElo "1657"]
[WhiteRD "95"]
[BlackElo "2083"]
[BlackRD "52"]
[GameID "396219"]

1. g3 e5 2. Nf3 Nc6 3. Bg2 d5 4. O-O f6 5. d3 Be6 6. Nbd2 Qd7 7. a3 g6 8. b4 Bg7 9. Rb1 a6 10. Nb3 b6
11. Bd2 Nge7 12. c3 O-O 13. Qc2 Rad8 14. Rbd1 Bh3 15. Kh1 Bxg2+ 16. Kxg2 f5 17. Bc1 h6 18. c4 d4 19. e4 fxe4 20. dxe4 g5
21. Qd3 Ng6 22. h3 Rf7 23. Nh2 Rdf8 24. b5 axb5 25. cxb5 Nd8 26. f3 Ne6 27. a4 h5 28. Rf2 h4 29. Qe2 hxg3 30. Kxg3 Nh4
31. Rdf1 Nf4
0-1

[Event "Below 2000 Swift Knock Out"]
[Site "SchemingMind.com"]
[Date "2016.03.07"]
[Round "-"]
[White "flyinduck"]
[Black "Wojciech  Langer"]
[Result "1-0"]
[WhiteCountry "CAN"]
[BlackCountry "INT"]
[WhiteElo "2083"]
[WhiteRD "52"]
[BlackElo "1657"]
[BlackRD "95"]
[GameID "396220"]

1. d4 Nf6 2. c4 e6 3. Nc3 d5 4. cxd5 exd5 5. Bg5 Be7 6. Qc2 Nc6 7. e3 Be6 8. Nf3 h6 9. Bf4 Bd6 10. Bg3 Qe7
11. Bb5 O-O 12. O-O a6 13. Bxc6 bxc6 14. Na4 Qd7 15. Rac1 Bxg3 16. hxg3 Ng4 17. Nc5 Qc8 18. Nxe6 Qxe6 19. Qxc6 Rfc8 20. Qxe6 fxe6
21. Rc6 Rab8 22. b3 Rb6 23. Rfc1 Rxc6 24. Rxc6 Kf7 25. Ne1 Ke7 26. Nd3 Kd7 27. Rxa6 c6 28. Ra7+ Rc7 29. Nc5+
1-0

[Event "Below 2000 Swift Knock Out"]
[Site "SchemingMind.com"]
[Date "2016.03.21"]
[Round "-"]
[White "Holty"]
[Black "mmccaffe"]
[Result "0-1"]
[WhiteCountry "ENG"]
[BlackCountry "USA"]
[WhiteElo "1775"]
[WhiteRD "61"]
[BlackElo "1703"]
[BlackRD "77"]
[GameID "397152"]

1. d4 Nf6 2. Nf3 g6 3. c4 Bg7 4. Nc3 O-O 5. Bg5 d6 6. e3 Nbd7 7. Be2 h6 8. Bh4 g5 9. Bg3 c5 10. O-O cxd4
11. exd4 b6 12. h3 Bb7 13. Qc2 Rc8 14. Nd2 d5 15. b3 dxc4 16. bxc4 Re8 17. Nf3 Nh5 18. Bh2 Nf4 19. Bxf4 gxf4 20. Rfd1 Qc7
21. Rab1 e5 22. Nb5 Qb8 23. dxe5 Nxe5 24. Nd6 Bxf3 25. Nxe8 Bxe2 26. Qxe2 Rxe8 27. Qc2 f3 28. g3 Qc8 29. Re1 Qxh3
0-1

[Event "Below 2000 Swift Knock Out"]
[Site "SchemingMind.com"]
[Date "2016.03.22"]
[Round "-"]
[White "mmccaffe"]
[Black "Holty"]
[Result "1/2-1/2"]
[WhiteCountry "USA"]
[BlackCountry "ENG"]
[WhiteElo "1647"]
[WhiteRD "72"]
[BlackElo "1819"]
[BlackRD "61"]
[GameID "397153"]

1. d4 d5 2. c4 c6 3. Nf3 e6 4. e3 Bd6 5. Nc3 Nf6 6. Bd3 dxc4 7. Bxc4 b5 8. Bd3 Nbd7 9. O-O O-O 10. b3 a6
11. Bb2 h6 12. Qe2 Qc7 13. e4 e5 14. dxe5 Nxe5 15. Nxe5 Bxe5 16. Nd1 Bxb2 17. Nxb2 Re8 18. f3 c5 19. Rac1 Qb6 20. Kh1 Bb7
21. Rfd1 Rac8 22. Bb1 Qc7 23. Qc2 Re5 24. Nd3 Bxe4 25. fxe4 Rxe4 26. Nf2 Rh4 27. h3 Rf4 28. Nd3 Rf5 29. b4 Nd5 30. Nxc5 Ne3
31. Qd3 Qf4 32. Re1 Re8 33. Qd7 Rfe5 34. Rg1 Nf5 35. Bxf5 Qxf5 36. Qxf5 Rxf5 37. Rge1 Rxe1+ 38. Rxe1 Rf2 39. Ra1 Rf6 40. Rd1 g5
41. Rd8+ Kg7 42. Ra8 h5 43. Rxa6 Rf1+ 44. Kh2 Rb1 45. a3 h4 46. Ra5 f5 47. Rxb5 g4 48. hxg4 fxg4 49. Ne4 Ra1 50. Rg5+ Kh6
51. Rxg4 Rxa3 52. Rxh4+ Kg6 53. Ng3 Kg5 54. Re4 Rb3 55. Rc4 Rb2 56. Rc5+ Kf6 57. b5 Ke6 58. Rh5 Kf7 59. Rh7+ Ke8 60. Rb7 Kd8
61. Rb6 Kc7 62. Rc6+ Kb7 63. Rc5 Kb6 64. Rg5 Kc7 65. Rh5 Rb4 66. Re5 Kd6 67. Rh5 Ke7 68. Nf5+ Kf6 69. Ng3 Kg6 70. Rc5 Rh4+
71. Kg1 Rb4 72. Rc6+ Kg5 73. b6 Kg4 74. Nf1 Rb1 75. Rd6 Kf5 76. Rc6=
1/2-1/2

[Event "Below 2000 Swift Knock Out"]
[Site "SchemingMind.com"]
[Date "2016.04.03"]
[Round "-"]
[White "flyinduck"]
[Black "p k"]
[Result "1/2-1/2"]
[WhiteCountry "CAN"]
[BlackCountry "IND"]
[WhiteElo "2126"]
[WhiteRD "54"]
[BlackElo "2249"]
[BlackRD "136"]
[GameID "397452"]

1. d4 Nf6 2. c4 e6 3. Nc3 d5 4. cxd5 exd5 5. Bg5 c6 6. e3 Bf5 7. Qf3 Bg6 8. Bxf6 Qxf6 9. Qxf6 gxf6 10. Nf3 Nd7
11. Nh4 Nb6 12. f3 O-O-O 13. Kf2 Re8 14. g3 Kb8 15. Rd1 a6 16. Be2 Nc8 17. Bd3 Kc7 18. Ng2 Nb6 19. h4 Bxd3 20. Rxd3 f5
21. h5 Rg8 22. Ne2 Bb4 23. b3 Nd7=
1/2-1/2

[Event "Below 2000 Swift Knock Out"]
[Site "SchemingMind.com"]
[Date "2016.04.03"]
[Round "-"]
[White "p k"]
[Black "flyinduck"]
[Result "1/2-1/2"]
[WhiteCountry "IND"]
[BlackCountry "CAN"]
[WhiteElo "2249"]
[WhiteRD "136"]
[BlackElo "2126"]
[BlackRD "54"]
[GameID "397453"]

1. e4 e5 2. Nf3 Nf6 3. Nxe5 d6 4. Nf3 Nxe4 5. Qe2 Qe7 6. d3 Nf6 7. Bg5 Qxe2+ 8. Bxe2 Be7 9. Nc3 c6 10. O-O Na6
11. Rfe1 Nc7 12. Nd4 Ne6 13. Be3 Nxd4 14. Bxd4 Be6 15. Ne4 Nxe4 16. dxe4 f6 17. a4 O-O 18. Bd3 Rfe8 19. b3 d5 20. exd5 Bxd5
21. Bf5 c5 22. Be3 Rad8 23. Rad1=
1/2-1/2

[Event "Below 2000 Swift Knock Out"]
[Site "SchemingMind.com"]
[Date "2016.05.31"]
[Round "-"]
[White "berns"]
[Black "mmccaffe"]
[Result "1-0"]
[WhiteCountry "ENG"]
[BlackCountry "USA"]
[WhiteElo "1712"]
[WhiteRD "88"]
[BlackElo "1598"]
[BlackRD "71"]
[GameID "399825"]

1. d4 d5 2. b3 Nf6 3. Nf3 e6 4. e3 c5 5. Bb5+ Bd7 6. Bxd7+ Nbxd7 7. Ba3 b6 8. dxc5 Bxc5 9. Bxc5 Nxc5 10. Nc3 O-O
11. O-O Nce4 12. Nxe4 Nxe4 13. Qd4 Qd7 14. a4 Rac8 15. Rac1 Qc7 16. Rfd1
1-0

[Event "Below 2000 Swift Knock Out"]
[Site "SchemingMind.com"]
[Date "2016.07.02"]
[Round "-"]
[White "berns"]
[Black "p k"]
[Result "0-1"]
[WhiteCountry "ENG"]
[BlackCountry "IND"]
[WhiteElo "1716"]
[WhiteRD "92"]
[BlackElo "2306"]
[BlackRD "129"]
[GameID "400992"]

1. e4 c5 2. Nf3 d6 3. d4 cxd4 4. Nxd4 Nf6 5. Nc3 a6 6. Bf4 e5 7. Bxe5 dxe5 8. Nf3 Qb6 9. b3 Bb4 10. Qd3 Qa5
11. O-O-O Bxc3 12. a4 Nc6 13. h4 Nb4 14. Qd6 Nxe4 15. Bb5+ axb5 16. Qxe5+ Bxe5
0-1

[Event "Below 2000 Swift Knock Out"]
[Site "SchemingMind.com"]
[Date "2016.07.02"]
[Round "-"]
[White "p k"]
[Black "berns"]
[Result "1-0"]
[WhiteCountry "IND"]
[BlackCountry "ENG"]
[WhiteElo "2306"]
[WhiteRD "129"]
[BlackElo "1716"]
[BlackRD "92"]
[GameID "400993"]

1. d4 Nf6 2. c4 g6 3. Nc3 Bg7 4. g3 d6 5. Nf3 O-O 6. Bg2 e6 7. O-O Nbd7 8. Bg5 c6 9. Qd2 d5 10. b3 Qe8
11. Bh6 e5 12. Bxg7 Kxg7 13. cxd5 cxd5 14. dxe5 Nxe5 15. Nxd5 Nxf3+ 16. Bxf3 Nxd5 17. Qxd5 Qe6 18. Qxe6 fxe6 19. Rac1 a5 20. Rc7+ Kg8
21. Rfc1 Rb8 22. Bg4 Kh8 23. Re7 e5 24. Rcc7 Rd8 25. Rxh7+ Kg8 26. Rcg7+ Kf8 27. Rh8+ Kxg7 28. Rxd8 Bxg4 29. Rxb8 Bxe2 30. Rxb7+ Kf6
31. Ra7 Kf5 32. Rxa5 Ke4 33. b4 Kd4 34. a4 e4 35. Rg5
1-0